| 000 | 00369nam a2200121Ia 4500 | ||
|---|---|---|---|
| 008 | 170221s9999 xx 000 0 und d | ||
| 100 | _aMonir Mir | ||
| 245 | _aEditorial: AABFJ Volume 10, Issue 2, 2017 | ||
| 245 | _cMonir Mir and Ciorstan Smark | ||
| 260 | _c2014 | ||
| 650 | _xBusiness | ||
| 856 | _uhttp://ro.uow.edu.au/cgi/viewcontent.cgi?article=1695&context=aabfj | ||
| 999 |
_c309486 _d309486 |
||